Statistics for 正定全国重点文物保护单位

Click here to take the quiz!

General Stats

  • This quiz has been taken 3 times
  • The average score is 6 of 10

Answer Stats

Answer% Correct
隆兴寺
100%
广惠寺华塔
100%
开元寺
100%
天宁寺凌霄塔
67%
临济寺澄灵塔
67%
县文庙大成殿
67%
府文庙
67%
梁氏宗祠
0%
古城墙
0%
唐代风动碑
0%

Score Distribution

Percentile by Number Answered

Percent of People with Each Score

Your Score History

You have not taken this quiz